Sổ tay xử lý nước. Tập 2

সংরক্ষণ করুন:
গ্রন্থ-পঞ্জীর বিবরন
প্রধান লেখক: Trung tâm Đào tạo ngành Nước và Môi trường dịch và giới thiệu
বিন্যাস: গ্রন্থ
ভাষা:Vietnamese
প্রকাশিত: Xây dựng 2017
বিষয়গুলি:
ট্যাগগুলো: ট্যাগ যুক্ত করুন
কোনো ট্যাগ নেই, প্রথমজন হিসাবে ট্যাগ করুন!
Thư viện lưu trữ: Mạng thư viện Đại học Đà Nẵng
LEADER 01036nam a2200313 a 4500
001 000003186
003 04342
005 20171229145311.0
008 171229s2017 vie
040 |a LSK 
041 0 |a VIE 
082 0 |a 628.16  |b Sô-T 
100 1 |a Trung tâm Đào tạo ngành Nước và Môi trường dịch và giới thiệu 
245 0 0 |a Sổ tay xử lý nước. Tập 2 
260 |b Xây dựng  |c 2017 
300 |a 1535 pages  |c 24 cm. 
653 |a Nước - Xử lý 
852 |a Phòng Đọc - Phòng Mượn 
901 |a 10 
927 |a Sách tham khảo 
OWN |a LSK 
AVA |a UDN50  |b LSK  |d 628.16 Sô-T  |e available  |t Error 5001 Not defined in file expand_doc_bib_avail.  |f 10  |g 0  |h N  |i 0  |k 1 
999 |a From the UDN01 
AVA |a UDN50  |b LSK  |d 628.16 Sô-T  |e available  |t Error 5001 Not defined in file expand_doc_bib_avail.  |f 10  |g 0  |h N  |i 0  |k 1 
TYP |a Monograph 
TYP |a Printed language 
980 |a Mạng thư viện Đại học Đà Nẵng